Foreign exchange intervention: the theoretical debate and Czech Koruna episode

Účinok devízovej intervencie na devízový kurz. Súčasné silné ocenenie českej koruny a devízová intervencia vedená Českou národnou bankou v rokoch 2001-2002. Názory na devízovú intervenciu ako nástroj menovej politiky.

Na minha lista:
Detalhes bibliográficos
Autor principal: Geršl, Adam
Formato: Capítulo de Livro
Idioma:inglês
Assuntos:
Tags: Adicionar Tag
Sem tags, seja o primeiro a adicionar uma tag!

MARC

LEADER 00000naa$a2200000$$$4500
001 0008502
005 20231010095828.5
041 0 |a eng 
044 |a CZ 
245 1 0 |a Foreign exchange intervention: the theoretical debate and Czech Koruna episode  |c aut. Adam Geršl 
520 |a Účinok devízovej intervencie na devízový kurz. Súčasné silné ocenenie českej koruny a devízová intervencia vedená Českou národnou bankou v rokoch 2001-2002. Názory na devízovú intervenciu ako nástroj menovej politiky. 
610 2 0 |a devízy 
610 2 0 |a intervencie devízové 
610 2 0 |a koruna 
610 2 0 |a Česko 
610 2 0 |a politika menová 
610 2 0 |a teórie ekonomické 
100 1 |a Geršl, Adam